000 00463nam a2200181 a 4500
001 1195
003 CO-ViMGA
008 141112s2004 ck r 000 u spa d
040 _aCO-ViMGA
_bspa
_cCO-ViMGA
082 0 4 _a813.5 S745m
100 1 _aStine, R.L
_910741
245 1 0 _aEscalofríos /
_bMi más terrible aventura
260 _aBogotá :
_bNorma,
_c1997
300 _a129 p
490 _aEscalofrios, 22
650 1 4 _aNOVELA INGLESA
_91291
942 _2ddc
_cBK
999 _c13417
_d13417